000 01051nam a2200289Ia 4500
003 OSt
005 20221005105410.0
006 a|||||r|||| 00| 0
007 ta
008 221004b |||||||| |||| 00| 0 hin d
024 _a28613
037 _cTextual
040 _aCRL
_cCRL
_bhin
041 _2hin
_ahin
082 _aO:gxN, 152 L7
100 _aजैन, निर्मला, संपा.
245 0 _aनयी समीक्षा के प्रतिमान
246 _aNayī samīkṣhā ke pratimāna
260 _aनई दिल्ली
_bनेशनल पब्लिंिश्ंाग भारत
_c1977
300 _a160पृ.
_ccm.
650 _a हिन्दी साहित्य
650 _a हिन्दी साहित्य
650 _a हिन्दी साहित्य
650 _aहिन्दी साहित्य
942 _hO:gxN, 152 L7
_cTEXL
_2cc
999 _c1015708
_d1015708